Statistics for SNL Recurring Characters Quiz

Click here to take the quiz!

General Stats

  • This quiz has been taken 11,859 times
    (7,248 since last reset)
  • The average score is 9 of 19

Answer Stats

Character Actor % Correct
Alex Trebek / The Spartan CheerleadersWill Ferrell
87%
Sarah PalinTina Fey
84%
The Blues BrothersDan Aykroyd
79%
The Blues BrothersJohn Belushi
78%
WayneMike Myers
72%
Church Lady / Hans / GarthDana Carvey
70%
Matt Foley: Motivational SpeakerChris Farley
58%
BuckwheatEddie Murphy
54%
Burt ReynoldsNorm MacDonald
41%
Cajun ManAdam Sandler
38%
Mary Katherine GallagherMolly Shannon
38%
The Spartan CheerleadersCheri Oteri
37%
The Ladies ManTim Meadows
32%
Penelope the One-UpperKristen Wiig
30%
FranzKevin Nealon
29%
Stuart SmalleyAl Franken
26%
GollumChris Kattan
22%
The ContinentalChristopher Walken
20%
Harry PotterRachel Dratch
19%

Score Distribution

Percentile by Number Answered

Percent of People with Each Score

Your Score History

You have not taken this quiz since the last reset